| 000 | 00908nam a22002055i 4500 | ||
|---|---|---|---|
| 001 | 162078 | ||
| 003 | ES-MaACL | ||
| 005 | 20230906212425.0 | ||
| 008 | 000119s1889 sp |||| | spa d | ||
| 040 |
_aCAM _bspa _cCAM |
||
| 100 | 1 |
_aPicón, José. _991876 |
|
| 245 | 1 | 3 |
_aLa isla de San Balandrán _b: zarzuela ilusoria en un acto y en verso / _cletra de José Picón ; música de Cristobal Oudrid. |
| 250 | _a4ª ed. | ||
| 260 |
_aMadrid : _b[s.n.], _c1889 ( _fImprenta de José Rodriguez) |
||
| 300 |
_a32 p. ; _c20 cm. |
||
| 500 | _aEn port.: Estrenado en el teatro de la Zarzuela a beneficio del Cuerpo de Coros el 12 de junio de 1862. | ||
| 500 | _aSolo la letra. | ||
| 700 | 0 |
_aOudrid, Cristóbal. _987969 |
|
| 852 |
_aES-MaACL _jF-8632(6) _z-- Enc. pasta española _q-- Falto de la cub. original _z--Enc. en un vol. facticio formando parte de la col. facticia "Teatro español moderno", vol. 87 |
||
| 999 |
_c162078 _d162078 |
||